000 00572nam a2200205Ia 4500
003 IIN
005 20240118160641.0
008 231217s9999 xx 000 0 und d
020 _cRs.550.00
_a9789351528968
040 _aIIN
_bEng
082 _a572.3
_bSHU
100 1 _aShukla, Saumya
245 1 _aLast Minute Revision :
_bBiochemistry
_cSaumya Shukla & Anurag Shukla
260 _bJaypee
_aNew Delhi
_c2015
300 _aviii, 266p.
500 _aBiochemistry Question and Answer book.
650 1 _aBiochemistry
700 1 _aShukla, Anurag
942 _cBOOK
999 _c1180
_d1180